| 000 | 00502nam a2200205 4500 | ||
|---|---|---|---|
| 003 | SEACOMEC | ||
| 005 | 20251009151838.0 | ||
| 008 | 251009b |||||||| |||| 00| 0 eng d | ||
| 020 | _c230 | ||
| 040 | _aSEACOMEC | ||
| 082 |
_a510.02462 _bP153 |
||
| 100 | _aPal, B.K | ||
| 245 | 1 |
_aEngineering mathematics vol - II _cB.K. Pal and K. Das |
|
| 250 | _a3rd ed. | ||
| 260 |
_a Kolkata _bU,N.Dhur _c2010 |
||
| 300 | _avol - II | ||
| 650 | _aMathematics-Engineering | ||
| 700 | _aDas, K | ||
| 942 | _cBBK | ||
| 999 |
_c2570 _d2570 |
||